Statistics for US States With Most Minecraft Interest

Click here to take the quiz!

General Stats

  • This quiz has been taken 19 times
  • The average score is 6 of 10

Answer Stats

Percentage of MinecraftState% Correct
61%Utah
79%
61%Washington
79%
62%Alaska
71%
57%Wyoming
71%
61%Idaho
64%
59%Montana
64%
61%Oregon
57%
57%Maine
50%
57%New Hampshire
36%
59%Vermont
36%

Score Distribution

Percentile by Number Answered

Percent of People with Each Score

Your Score History

You have not taken this quiz